| 000 | 00770nam a2200205 a 4500 | ||
|---|---|---|---|
| 001 | 000046642 | ||
| 005 | 20201002053022.0 | ||
| 008 | 180314s2017 dr 000 0 spa d | ||
| 020 | _a9789945904277 | ||
| 040 |
_aDO-SdBNP _bspa _cBNPHU |
||
| 082 |
_axxxx _bxxxx |
||
| 110 | 1 |
_aRepública Dominicana _9447 |
|
| 240 | 1 | 0 | _a[Leyes, etc.] |
| 245 | 1 | 0 | _aLey 20-00 de propiedad intelectual; (mod. por la ley 424-06, 493-06, 2-07 ) (Adecuada conforme la Constitución vigente, las leyes 247-12, 496-06, el Dec. 56-10 y sus modificaciones). |
| 260 |
_aSanto Domingo : _bDalis, _c2017. |
||
| 300 |
_a160-33 p. ; _c21 cm. |
||
| 500 | _aIncluye referencias bibliográficas y notas al pie de las páginas | ||
| 500 | _aEdición 35 aniversario | ||
| 590 | _aInventariado, 2018/BT | ||
| 999 |
_c46131 _d46131 |
||